Library Banner

Sindh's fight for Pakistan (Record no. 73586)

MARC details
000 -LEADER
fixed length control field 00402nam a22001457a 4500
005 - DATE AND TIME OF LATEST TRANSACTION
control field 20150804163934.0
008 - FIXED-LENGTH DATA ELEMENTS--GENERAL INFORMATION
fixed length control field 150804b xxu||||| |||| 00| 0 eng d
040 ## - CATALOGING SOURCE
Transcribing agency PK-LaUMT
082 ## - DEWEY DECIMAL CLASSIFICATION NUMBER
Classification number KHC 954.918
Item number KHA-S
100 ## - MAIN ENTRY--PERSONAL NAME
Personal name Khalid Shamsul Hasan
245 ## - TITLE STATEMENT
Title Sindh's fight for Pakistan
Statement of responsibility, etc Khalid Shamsul Hasan
260 ## - PUBLICATION, DISTRIBUTION, ETC. (IMPRINT)
Place of publication, distribution, etc Karachi
Name of publisher, distributor, etc Shamsul Hassan Foundation
Date of publication, distribution, etc [N.D]
300 ## - PHYSICAL DESCRIPTION
Extent 260 p.
942 ## - ADDED ENTRY ELEMENTS (KOHA)
Koha item type Books
Holdings
Withdrawn status Lost status Damaged status Home library Current library Date acquired Full call number Barcode Date last seen Price effective from Koha item type
      UMT Main Campus UMT Main Campus 2015-08-04 KHC 954.918 KHA-S 71937 2015-08-04 2015-08-04 Books